Schleswig-Holstein Counties - Statistics

General Stats
  • This quiz has been taken 37 times
  • The average score is 11 of 15
Answer Stats
Hint Answer % Correct
CIty Kiel
93%
City Lübeck
90%
County Nordfriesland
90%
City Flensburg
87%
City Neumünster
83%
County Dithmarschen
80%
County Pinneberg
80%
County Rendsburg-Eckernförde
80%
County Ostholstein
77%
County Schleswig-Flensburg
73%
County Segeberg
70%
County Steinburg
70%
County Plön
63%
County Stormarn
63%
County Herzogtum Lauenburg
47%
No matching quizzes found
Score Distribution
Percent of People with Each Score
Percentile by Number Answered
Your Score History
You have not taken this quiz